| 000 | 01000nmc a2200325 a 4500 | ||
|---|---|---|---|
| 003 | AR-BaBNM | ||
| 005 | 20251128210115.0 | ||
| 008 | 011101s1997 ||||||||||||||000 | spa|| | ||
| 020 | _a950-808-123-6 | ||
| 040 | _cAR-BaBNM | ||
| 100 | 1 | _aSan Martín, Patricia S. | |
| 245 | 1 | 0 |
_aEducación artística y tecnología _bla expresión sonora y la computadora. Nivel inicial y EGB |
| 260 |
_aRosario _bHomo Sapiens Ediciones _c1997 |
||
| 300 | 0 |
_a171 p. _e3 disquetes |
|
| 490 | 0 | _aEducación | |
| 500 | _aSolicitar el material complementario en Mediateca no. 785167, 785168, 785169 | ||
| 650 | 4 | _aEDUCACION ARTISTICA | |
| 650 | 4 | _aTECNOLOGIA | |
| 650 | 4 | _aEDUCACION MUSICAL | |
| 650 | 4 | _aPROCESO DE APRENDIZAJE | |
| 650 | 4 | _aJUEGO | |
| 650 | 4 | _aACTIVIDADES DE APRENDIZAJE | |
| 653 | 0 | _aENSENANZA DE LA LENGUA | |
| 653 | 0 | _aNIVEL INICIAL | |
| 653 | 0 | _aEDUCACION GENERAL BASICA | |
| 653 | 0 | _aINTEGRACION DE AREAS | |
| 653 | 0 | _aPROYECTOS DE AULA | |
| 942 | _cBK | ||
| 998 | _cRaquel | ||
| 999 |
_c14065 _d14065 |
||